Największe miasta w Ameryce Północnej - Statystyki

Ogólne statystyki
  • Ten quiz został rozwiązany 356 razy
  • Średni wynik to 6 z 10
Statystyki odpowiedzi
Liczba ludności Miasto % Poprawnych
8,46 mln Nowy Jork
98%
3,84 mln Los Angeles
89%
8,85 mln Meksyk
86%
2,69 mln Chicago
81%
2,93 mln Toronto
74%
2,28 mln Houston
55%
1,78 mln Montreal
44%
2,13 mln Hawana
25%
1,81 mln Tijuana
11%
1,64 mln Ecatepec
2%
Nie znaleziono quizów pasujących do podanych kryteriów
Rozkład punktacji
Procent ludzi z każdym wynikiem
Percentyl według liczby udzielonych odpowiedzi
Twoja historia wyników
Nie rozwiązałeś tego quizu